[Event "Titled Tuesday intern op 5th Nov"]
[Site "Chess.com INT"]
[Date "2019.11.05"]
[Round "9"]
[White "Braun, Christian1"]
[Black "Makhnyov, Denis"]
[Result "1-0"]
[WhiteElo "2395"]
[BlackElo "2476"]
[PlyCount "65"]
[EventDate "2019.11.05"]
[EventType "swiss (blitz)"]
[EventRounds "10"]
[EventCountry "USA"]
[SourceTitle "EXT 2021"]
[Source "ChessBase"]
[SourceDate "2020.10.23"]
[SourceVersion "1"]
[SourceVersionDate "2020.10.23"]
[SourceQuality "1"]

1. e4 e5 2. Nf3 Nc6 3. Bc4 Bc5 4. c3 Nf6 5. d4 exd4 6. 0-0 d5 7. exd5 Nxd5 8. cxd4 Be7 9. Bxd5 Qxd5 10. Nc3 Qd8 11. d5 Nb8 12. Bf4 0-0 13. Nb5 Bd6 14. Nxd6 cxd6 15. Re1 Na6 16. Qd4 Bf5 17. Rac1 Qd7 18. h3 Rfe8 19. Nh4 Bg6 20. Nxg6 hxg6 21. Rxe8+ Rxe8 22. Qxa7 Nc5 23. Be3 Nd3 24. Rc2 Qb5 25. Qd4 Nb4 26. Rc4 Nxa2 27. Ra4 Nc1 28. Bxc1 Re1+ 29. Kh2 Rxc1 30. Ra8+ Rc8 31. Rxc8+ Qe8 32. Rxe8+ Kh7 33. Qh4# 1-0

[Event "Titled Tuesday intern op 5th Nov"]
[Site "Chess.com INT"]
[Date "2019.11.05"]
[Round "3"]
[White "Pultinevicius, Paulius"]
[Black "Makhnyov, Denis"]
[Result "1-0"]
[WhiteElo "2499"]
[BlackElo "2476"]
[PlyCount "99"]
[EventDate "2019.11.05"]
[EventType "swiss (blitz)"]
[EventRounds "10"]
[EventCountry "USA"]
[SourceTitle "EXT 2021"]
[Source "ChessBase"]
[SourceDate "2020.10.23"]
[SourceVersion "1"]
[SourceVersionDate "2020.10.23"]
[SourceQuality "1"]

1. Nf3 d5 2. g3 Bg4 3. Bg2 Nd7 4. 0-0 c6 5. d3 Ngf6 6. c4 Bxf3 7. Bxf3 dxc4 8. dxc4 Ne5 9. Qb3 Nxf3+ 10. exf3 Qc8 11. f4 e6 12. f5 Bc5 13. fxe6 Qxe6 14. Nc3 0-0 15. Kg2 Bd4 16. Bd2 c5 17. Qa4 h5 18. Rae1 Qf5 19. h3 Rfe8 20. Qd1 Qd3 21. Bg5 Qxc4 22. Bxf6 Bxf6 23. Nd5 Qd4 24. Qxh5 Qxb2 25. Rb1 Qd4 26. Rxb7 Rf8 27. Re1 Rad8 28. Rd1 Qe4+ 29. Kg1 Qe5 30. Ne7+ Qxe7 31. Rxe7 Rxd1+ 32. Qxd1 Bxe7 33. Qd7 Bf6 34. Qxa7 c4 35. Qc5 c3 36. g4 g6 37. a4 Rd8 38. a5 Rd2 39. a6 c2 40. a7 Rd1+ 41. Kg2 c1Q 42. a8Q+ Kg7 43. Qcf8+ Kh7 44. Qxf7+ Kh6 45. Qxf6 Rg1+ 46. Kh2 Qc7+ 47. Kxg1 Qc1+ 48. Kg2 Qh1+ 49. Kxh1 Kh7 50. Qah8# 1-0

[Event "Titled Tuesday intern op 5th Nov"]
[Site "Chess.com INT"]
[Date "2019.11.05"]
[Round "1"]
[White "Sanchez Alvarez, Kelvin Antonio"]
[Black "Makhnyov, Denis"]
[Result "0-1"]
[WhiteElo "2250"]
[BlackElo "2476"]
[PlyCount "114"]
[EventDate "2019.11.05"]
[EventType "swiss (blitz)"]
[EventRounds "10"]
[EventCountry "USA"]
[SourceTitle "EXT 2021"]
[Source "ChessBase"]
[SourceDate "2020.10.23"]
[SourceVersion "1"]
[SourceVersionDate "2020.10.23"]
[SourceQuality "1"]

1. d4 Nf6 2. c4 e6 3. Nf3 b6 4. g3 Ba6 5. Qc2 Bb4+ 6. Bd2 Be7 7. Bg2 d5 8. Ne5 0-0 9. 0-0 Nbd7 10. Nc6 Qe8 11. Nxe7+ Qxe7 12. cxd5 Nxd5 13. Nc3 N7f6 14. Rfe1 c5 15. Nxd5 exd5 16. dxc5 bxc5 17. Bg5 Bb7 18. Bxf6 gxf6 19. Rac1 Rac8 20. e3 Rfd8 21. Bh3 Rc6 22. Bf5 h6 23. Qe2 Qe5 24. Qg4+ Kf8 25. Qh5 Kg7 26. Qg4+ Kf8 27. Qh5 Ke7 28. b3 Rg8 29. Qf3 Rc7 30. e4 d4 31. Qd3 h5 32. f4 Qxf4 33. e5 fxe5 34. Bh7 Rg7 35. Be4 Bxe4 36. Qxe4 Qxe4 37. Rxe4 Kd6 38. Rf1 Ke6 39. Rfe1 f6 40. b4 Kd5 41. bxc5 Rxc5 42. Rh4 Rg5 43. Rf1 Rc6 44. Rb1 a6 45. Rb8 f5 46. Rd8+ Rd6 47. Rf8 e4 48. Kf2 Ke5 49. Rf4 d3 50. Re8+ Kd4 51. h4 Rgg6 52. Rxf5 Rgf6 53. Rf8 e3+ 54. Ke1 Rxf8 55. Rxf8 Rb6 56. Rf4+ Kc3 57. Kf1 Rb1+ 0-1

[Event "Titled Tuesday intern op 2nd Febr"]
[Site "Chess.com INT"]
[Date "2019.02.05"]
[Round "3"]
[White "Makhnyov, Denis"]
[Black "Van Foreest, Lucas"]
[Result "1-0"]
[WhiteElo "2495"]
[BlackElo "2511"]
[PlyCount "53"]
[EventDate "2019.02.05"]
[EventType "swiss (blitz)"]
[EventRounds "10"]
[EventCountry "USA"]
[SourceTitle "EXT 2021"]
[Source "ChessBase"]
[SourceDate "2020.10.23"]
[SourceVersion "1"]
[SourceVersionDate "2020.10.23"]
[SourceQuality "1"]

1. d4 Nf6 2. c4 e6 3. g3 d5 4. Bg2 Be7 5. Nf3 0-0 6. 0-0 dxc4 7. Qc2 a6 8. a4 b5 9. axb5 Bb7 10. Nc3 axb5 11. Rxa8 Bxa8 12. Nxb5 Bd5 13. Bf4 c5 14. dxc5 Bxc5 15. Na3 Bxa3 16. bxa3 Nc6 17. Bg5 Qa5 18. Bxf6 gxf6 19. e4 Qxa3 20. exd5 exd5 21. Qf5 Qd6 22. Rd1 Rd8 23. Nd2 c3 24. Ne4 c2 25. Qg4+ Kh8 26. Nxd6 cxd1B 27. Qf4 1-0

[Event "Asia-chT blitz U23 5th"]
[Site "Ashkhabad"]
[Date "2017.09.27"]
[Round "3.1"]
[White "Makhnyov, Denis"]
[Black "Atabayev, Maksat"]
[Result "0-1"]
[WhiteElo "2362"]
[BlackElo "2488"]
[PlyCount "80"]
[EventDate "2017.09.27"]
[EventType "team-swiss (blitz)"]
[EventRounds "5"]
[EventCountry "TKM"]
[SourceTitle "EXT 2018"]
[Source "ChessBase"]
[SourceDate "2017.10.13"]
[SourceVersion "1"]
[SourceVersionDate "2017.10.13"]
[SourceQuality "1"]
[WhiteTeam "Kazakhstan"]
[BlackTeam "Turkmenistan"]
[WhiteTeamCountry "KAZ"]
[BlackTeamCountry "TKM"]

1. d4 Nf6 2. Nf3 g6 3. g3 Bg7 4. Bg2 0-0 5. 0-0 d6 6. c4 c6 7. Nc3 Qa5 8. Qc2 Qh5 9. Re1 Bh3 10. Bh1 h6 11. Qb3 Bc8 12. Bg2 Nbd7 13. h3 Qa5 14. Bd2 Qc7 15. e4 e5 16. Be3 exd4 17. Nxd4 Nc5 18. Qc2 a5 19. Rad1 Nfd7 20. Qd2 Ne5 21. b3 h5 22. f4 Ned3 23. Rf1 Bd7 24. Nde2 Rad8 25. Bxc5 Nxc5 26. Qxd6 Qb6 27. Kh2 Bxh3 28. Qe7 Bg4 29. e5 Rfe8 30. Rxd8 Rxd8 31. Bf3 Bf8 32. Qf6 Bg7 33. Qe7 Bf8 34. Qh4 Bf5 35. g4 hxg4 36. Bxg4 Bxg4 37. Qxg4 Nd3 38. Ne4 Be7 39. e6 Qe3 40. Kg2 Qxe4+ 0-1

[Event "Asia-chT rapid U23 5th"]
[Site "Ashkhabad"]
[Date "2017.09.25"]
[Round "2.2"]
[White "Atabayev, Yusup"]
[Black "Makhnyov, Denis"]
[Result "1-0"]
[WhiteElo "2437"]
[BlackElo "2362"]
[PlyCount "83"]
[EventDate "2017.09.25"]
[EventType "team-swiss (rapid)"]
[EventRounds "5"]
[EventCountry "TKM"]
[SourceTitle "EXT 2018"]
[Source "ChessBase"]
[SourceDate "2017.10.13"]
[SourceVersion "1"]
[SourceVersionDate "2017.10.13"]
[SourceQuality "1"]
[WhiteTeam "Turkmenistan"]
[BlackTeam "Kazakhstan"]
[WhiteTeamCountry "TKM"]
[BlackTeamCountry "KAZ"]

1. e4 e5 2. Nf3 Nc6 3. d4 exd4 4. Bc4 Nf6 5. 0-0 d6 6. Nxd4 Be7 7. Nc3 0-0 8. h3 Bd7 9. Be3 Nxd4 10. Bxd4 Bc6 11. Re1 Nd7 12. f4 Re8 13. Qh5 Rf8 14. Rad1 g6 15. Qe2 Bh4 16. Rf1 Qe7 17. e5 dxe5 18. fxe5 Nc5 19. Bd5 Ne6 20. Be3 Bg3 21. Bxc6 bxc6 22. Bf2 Bxf2+ 23. Rxf2 Rad8 24. Rdf1 Qb4 25. Ne4 Qxb2 26. Qe3 Qd4 27. Nf6+ Kg7 28. Qg3 Rb8 29. c3 Qc4 30. Nd7 Rbd8 31. Nxf8 Rxf8 32. Qf3 a5 33. Kh1 Kg8 34. Rd1 Ng5 35. Qe3 Ne6 36. Rd7 a4 37. Qf3 Ng5 38. Qf4 Qxc3 39. Kh2 Ne6 40. Qf6 Qe3 41. Rxf7 Re8 42. Rd7 1-0

[Event "Asia-chT rapid U23 5th"]
[Site "Ashkhabad"]
[Date "2017.09.25"]
[Round "3.2"]
[White "Makhnyov, Denis"]
[Black "Al Saadi, Ali"]
[Result "1-0"]
[WhiteElo "2362"]
[BlackElo "1218"]
[PlyCount "61"]
[EventDate "2017.09.25"]
[EventType "team-swiss (rapid)"]
[EventRounds "5"]
[EventCountry "TKM"]
[SourceTitle "EXT 2018"]
[Source "ChessBase"]
[SourceDate "2017.10.13"]
[SourceVersion "1"]
[SourceVersionDate "2017.10.13"]
[SourceQuality "1"]
[WhiteTeam "Kazakhstan"]
[BlackTeam "Qatar"]
[WhiteTeamCountry "KAZ"]
[BlackTeamCountry "QAT"]

1. d4 d5 2. Nf3 e6 3. c4 Be7 4. Nc3 Nf6 5. Bf4 0-0 6. e3 b6 7. cxd5 exd5 8. Bd3 Bb7 9. 0-0 a6 10. Rc1 Nbd7 11. h3 c5 12. dxc5 Nxc5 13. Bb1 Rc8 14. Bf5 Ne6 15. Be5 Qd7 16. Qe2 g6 17. Bb1 Rfd8 18. Rfd1 Qe8 19. a3 Nc7 20. Ba2 Nd7 21. Bxc7 Rxc7 22. Bxd5 Nc5 23. Bxb7 Rxb7 24. b4 Rxd1+ 25. Rxd1 Bf6 26. bxc5 Bxc3 27. Qxa6 Qc6 28. Rd6 Qc7 29. cxb6 Qxd6 30. Qxb7 Ba5 31. Qa8+ 1-0

[Event "Astana op"]
[Site "Astana"]
[Date "2017.07.24"]
[Round "4"]
[White "Makhnyov, Denis"]
[Black "Rakhmanov, Alexander"]
[Result "1/2-1/2"]
[WhiteElo "2361"]
[BlackElo "2670"]
[PlyCount "107"]
[EventDate "2017.07.21"]
[EventType "swiss"]
[EventRounds "9"]
[EventCountry "KAZ"]
[SourceTitle "CBM 179 Extra"]
[Source "ChessBase"]
[SourceDate "2017.08.23"]
[SourceVersion "1"]
[SourceVersionDate "2017.08.23"]
[SourceQuality "1"]

1. d4 d5 2. c4 e6 3. Nf3 a6 4. Nbd2 Nf6 5. Qc2 c5 6. dxc5 Nc6 7. e3 Bd7 8. a3 Qa5 9. Be2 Bxc5 10. 0-0 Be7 11. cxd5 exd5 12. Qb1 0-0 13. b4 Qc7 14. Bb2 Rfe8 15. Bd3 h6 16. h3 Qd8 17. Ne5 Bd6 18. Nxd7 Nxd7 19. Nf3 Nde5 20. Be2 Bc7 21. Rd1 Qd6 22. Nxe5 Nxe5 23. Qf5 Rad8 24. g3 Bb6 25. Bf1 Qe7 26. Bg2 Nc4 27. Bd4 Qe6 28. Qxe6 fxe6 29. e4 dxe4 30. Bxb6 Nxb6 31. Bxe4 Nd5 32. Rac1 Re7 33. Rc5 Red7 34. Bf3 Kf7 35. Rd4 Ke7 36. h4 b6 37. Rc6 Rd6 38. Rcc4 b5 39. Rc5 g5 40. hxg5 hxg5 41. Rd3 Kf6 42. Bg4 Ke7 43. Bf3 Nb6 44. Rxd6 Rxd6 45. Bb7 Kf6 46. Kg2 g4 47. Rc3 Nd7 48. Kf1 Ne5 49. Ke2 Kf5 50. Rc5 Rb6 51. Bg2 Rd6 52. Bb7 Rb6 53. Bg2 Rd6 54. Bb7 1/2-1/2

[Event "KAZ-ch"]
[Site "Almaty"]
[Date "2017.04.19"]
[Round "9"]
[White "Agmanov, Zhandos"]
[Black "Makhnyov, Denis"]
[Result "1/2-1/2"]
[WhiteElo "2377"]
[BlackElo "2379"]
[PlyCount "54"]
[EventDate "2017.04.11"]
[EventType "tourn"]
[EventRounds "11"]
[EventCountry "KAZ"]
[EventCategory "9"]
[SourceTitle "CBM 177 Extra"]
[Source "ChessBase"]
[SourceDate "2017.04.27"]
[SourceVersion "1"]
[SourceVersionDate "2017.04.27"]
[SourceQuality "1"]

1. e4 e5 2. Nf3 Nc6 3. Bb5 Nf6 4. 0-0 Nxe4 5. Re1 Nd6 6. Nxe5 Be7 7. Bf1 0-0 8. d4 Nf5 9. Nf3 d5 10. c3 Bf6 11. Bd3 g6 12. Nbd2 Nd6 13. Nf1 Bf5 14. Ng3 Bxd3 15. Qxd3 Ne7 16. Bf4 c6 17. Bxd6 Qxd6 18. Re2 Qd8 19. b3 Nc8 20. Rae1 Nd6 21. c4 dxc4 22. bxc4 Qa5 23. Qb3 c5 24. d5 b5 25. Ne4 Nxe4 26. Rxe4 Rab8 27. Ne5 Rfe8 1/2-1/2

[Event "KAZ-ch"]
[Site "Almaty"]
[Date "2017.04.18"]
[Round "8"]
[White "Makhnyov, Denis"]
[Black "Utegaliev, Azamat"]
[Result "0-1"]
[WhiteElo "2379"]
[BlackElo "2516"]
[PlyCount "96"]
[EventDate "2017.04.11"]
[EventType "tourn"]
[EventRounds "11"]
[EventCountry "KAZ"]
[EventCategory "9"]
[SourceTitle "CBM 177 Extra"]
[Source "ChessBase"]
[SourceDate "2017.04.27"]
[SourceVersion "1"]
[SourceVersionDate "2017.04.27"]
[SourceQuality "1"]

1. Nf3 Nf6 2. c4 g6 3. b3 Bg7 4. Bb2 0-0 5. e3 d6 6. d4 Bf5 7. Be2 c6 8. 0-0 a5 9. Nh4 Bc8 10. Nc3 Na6 11. a3 d5 12. Nf3 Bg4 13. h3 Bxf3 14. Bxf3 e6 15. Qc2 Rc8 16. Rad1 Re8 17. h4 Nb8 18. g3 Nbd7 19. e4 dxe4 20. Nxe4 Nxe4 21. Bxe4 h5 22. Bc1 Nf6 23. Bf3 Qe7 24. Qc3 Ra8 25. Rfe1 a4 26. b4 Rac8 27. Bf4 b5 28. Be5 bxc4 29. Qxc4 Nd5 30. Bxg7 Kxg7 31. Rc1 Qf6 32. Bd1 Red8 33. Re4 Qf5 34. Re5 Qf6 35. Re4 Qf5 36. Re5 Qf6 37. Qc5 Ne7 38. Bxa4 Nf5 39. Rd1 Ra8 40. Bxc6 Rxa3 41. Rd2 Ra1+ 42. Kg2 Nxh4+ 43. gxh4 Qxh4 44. Re4 Qh1+ 45. Kg3 Rd5 46. Bxd5 g5 47. f3 h4+ 48. Kf2 Qg1+ 0-1

[Event "KAZ-ch"]
[Site "Almaty"]
[Date "2017.04.13"]
[Round "3"]
[White "Makhnyov, Denis"]
[Black "Kostenko, Petr"]
[Result "0-1"]
[WhiteElo "2379"]
[BlackElo "2440"]
[PlyCount "74"]
[EventDate "2017.04.11"]
[EventType "tourn"]
[EventRounds "11"]
[EventCountry "KAZ"]
[EventCategory "9"]
[SourceTitle "CBM 177 Extra"]
[Source "ChessBase"]
[SourceDate "2017.04.27"]
[SourceVersion "1"]
[SourceVersionDate "2017.04.27"]
[SourceQuality "1"]

1. d4 d5 2. Nf3 e6 3. g3 c6 4. Bg2 Nd7 5. 0-0 Ngf6 6. c4 dxc4 7. a4 b6 8. Nfd2 Ba6 9. Bxc6 Rc8 10. Bb5 Bb7 11. Nc3 h5 12. e4 h4 13. Re1 hxg3 14. hxg3 Bb4 15. Bxc4 Qe7 16. Bf1 Qf8 17. Bg2 Qg8 18. Qe2 Qh7 19. d5 Kf8 20. Nf3 exd5 21. e5 Ne4 22. Qb5 Bxc3 23. bxc3 Ndc5 24. Ba3 Kg8 25. Bxc5 Nxc5 26. a5 Ba6 27. Qb1 Bd3 28. Qb4 b5 29. Nh4 Bc4 30. Rad1 g5 31. Rxd5 Ne6 32. Rd7 gxh4 33. Re4 hxg3 34. fxg3 Qg6 35. Qe7 Rf8 36. Qf6 Qxg3 37. a6 Ng5 0-1

[Event "KAZ-ch"]
[Site "Almaty"]
[Date "2017.04.12"]
[Round "2"]
[White "Nugumanov, Bakhtiyar"]
[Black "Makhnyov, Denis"]
[Result "1/2-1/2"]
[WhiteElo "2350"]
[BlackElo "2379"]
[PlyCount "57"]
[EventDate "2017.04.11"]
[EventType "tourn"]
[EventRounds "11"]
[EventCountry "KAZ"]
[EventCategory "9"]
[SourceTitle "CBM 177 Extra"]
[Source "ChessBase"]
[SourceDate "2017.04.27"]
[SourceVersion "1"]
[SourceVersionDate "2017.04.27"]
[SourceQuality "1"]

1. e4 e5 2. Nf3 Nc6 3. Bc4 Bc5 4. c3 Nf6 5. d4 exd4 6. e5 d5 7. Be2 Ne4 8. cxd4 Bb6 9. 0-0 0-0 10. Nc3 Bg4 11. Be3 f6 12. exf6 Nxf6 13. Na4 Qe7 14. Rc1 Rae8 15. Re1 Ba5 16. Nc3 Nd8 17. Ne5 Bxe2 18. Qxe2 c6 19. a3 Bxc3 20. Rxc3 Ne4 21. Rcc1 Nf7 22. Nd3 Ned6 23. Qg4 Qe4 24. Qd1 Qf5 25. b3 Re7 26. f3 Rfe8 27. Qd2 Qf6 28. Bf2 Nf5 29. Rxe7 1/2-1/2

[Event "Pavlodar Nikitin Memorial"]
[Site "Pavlodar"]
[Date "2017.01.19"]
[Round "8"]
[White "Makhnyov, Denis"]
[Black "Bekturov, Tamerlan"]
[Result "1-0"]
[WhiteElo "2364"]
[BlackElo "2068"]
[PlyCount "89"]
[EventDate "2017.01.12"]
[EventType "tourn"]
[EventRounds "9"]
[EventCountry "KAZ"]
[EventCategory "4"]
[SourceTitle "EXT 2018"]
[Source "ChessBase"]
[SourceDate "2017.10.13"]
[SourceVersion "1"]
[SourceVersionDate "2017.10.13"]
[SourceQuality "1"]

1. c4 c5 2. g3 Nc6 3. Bg2 g6 4. Nf3 Bg7 5. 0-0 e5 6. Nc3 Nge7 7. Ne1 0-0 8. Nc2 d6 9. d3 Rb8 10. Rb1 f5 11. Bg5 h6 12. Bxe7 Nxe7 13. Ne3 b6 14. Ned5 Nxd5 15. Nxd5 Bb7 16. b4 Bxd5 17. Bxd5+ Kh7 18. Kg2 Qe7 19. e3 Bf6 20. Qf3 Qc7 21. Rb3 Bg7 22. Rfb1 f4 23. Qe2 Qd7 24. bxc5 dxc5 25. h4 h5 26. Be4 Kh6 27. a4 Rf6 28. a5 Rbf8 29. f3 fxg3 30. axb6 axb6 31. Rxb6 Rxb6 32. Rxb6 Rf6 33. Rb2 Ra6 34. Qe1 Qd8 35. Qxg3 Qf6 36. Kh3 Bf8 37. Rb7 Qe6+ 38. Kg2 Qf6 39. f4 exf4 40. exf4 Bg7 41. Qg5+ Qxg5+ 42. hxg5+ Kh7 43. Rc7 Kg8 44. Rxc5 Bd4 45. Rd5 1-0

[Event "Pavlodar Nikitin Memorial"]
[Site "Pavlodar"]
[Date "2017.01.15"]
[Round "4"]
[White "Makhnyov, Denis"]
[Black "Sorokin, Aleksey"]
[Result "1/2-1/2"]
[WhiteElo "2364"]
[BlackElo "2434"]
[PlyCount "137"]
[EventDate "2017.01.12"]
[EventType "tourn"]
[EventRounds "9"]
[EventCountry "KAZ"]
[EventCategory "4"]
[SourceTitle "EXT 2018"]
[Source "ChessBase"]
[SourceDate "2017.10.13"]
[SourceVersion "1"]
[SourceVersionDate "2017.10.13"]
[SourceQuality "1"]

1. d4 Nf6 2. Nf3 g6 3. c4 Bg7 4. Nc3 d5 5. Qb3 dxc4 6. Qxc4 0-0 7. e4 Na6 8. Be2 c5 9. d5 e6 10. 0-0 exd5 11. exd5 Nb4 12. Bg5 Nbxd5 13. Rad1 Nxc3 14. Rxd8 Nxe2+ 15. Qxe2 Rxd8 16. Qe7 Be6 17. Qxb7 Rdb8 18. Qc6 Rc8 19. Qa6 Nd5 20. b3 h6 21. Bd2 c4 22. bxc4 Nb6 23. Rc1 Nxc4 24. Be1 Ne5 25. Rxc8+ Rxc8 26. Nxe5 Bxe5 27. Qe2 Bg7 28. h3 Rc1 29. Qe3 Ra1 30. a3 Bf8 31. Kh2 Rxa3 32. Qd4 Bg7 33. Qc5 Ra2 34. f3 h5 35. h4 Bf6 36. Bb4 Kh7 37. Kg3 Ra4 38. Qb5 Ra1 39. Bd2 a6 40. Qc5 Ra4 41. Bb4 Ra2 42. Ba5 Re2 43. Bc7 Rb2 44. Qc6 Ra2 45. Qc5 Ra4 46. Be5 Bxh4+ 47. Kh2 Bg5 48. Qc6 Ra5 49. f4 Bh6 50. Qb6 Rxe5 51. fxe5 Bf4+ 52. Kh1 Bxe5 53. Qxa6 h4 54. Qb7 Kg7 55. Qe4 Bf6 56. Kh2 g5 57. g3 hxg3+ 58. Kxg3 Be7 59. Qe5+ Kg8 60. Qb8+ Kh7 61. Qe5 Kg6 62. Qe4+ Kg7 63. Qe5+ Bf6 64. Qb8 Bc3 65. Qc7 Bd2 66. Qe5+ Kg6 67. Qe4+ Kh6 68. Qd4 Bf4+ 69. Kf3 1/2-1/2

[Event "Pavlodar Nikitin Memorial"]
[Site "Pavlodar"]
[Date "2017.01.14"]
[Round "3"]
[White "Egorov, Evgeni"]
[Black "Makhnyov, Denis"]
[Result "1/2-1/2"]
[WhiteElo "2383"]
[BlackElo "2364"]
[PlyCount "20"]
[EventDate "2017.01.12"]
[EventType "tourn"]
[EventRounds "9"]
[EventCountry "KAZ"]
[EventCategory "4"]
[SourceTitle "EXT 2018"]
[Source "ChessBase"]
[SourceDate "2017.10.13"]
[SourceVersion "1"]
[SourceVersionDate "2017.10.13"]
[SourceQuality "1"]

1. d4 d5 2. c4 c6 3. cxd5 cxd5 4. Bf4 Nc6 5. e3 Nf6 6. Nc3 a6 7. Bd3 Bg4 8. f3 Bh5 9. Nge2 e6 10. 0-0 Be7 1/2-1/2

[Event "Pavlodar op"]
[Site "Pavlodar"]
[Date "2016.11.27"]
[Round "8"]
[White "Bezgodov, Alexei"]
[Black "Makhnyov, Denis"]
[Result "1-0"]
[WhiteElo "2497"]
[BlackElo "2366"]
[PlyCount "110"]
[EventDate "2016.11.21"]
[EventType "swiss"]
[EventRounds "10"]
[EventCountry "KAZ"]
[SourceTitle "EXT 2018"]
[Source "ChessBase"]
[SourceDate "2017.10.13"]
[SourceVersion "1"]
[SourceVersionDate "2017.10.13"]
[SourceQuality "1"]

1. e4 e5 2. Nf3 Nc6 3. Bb5 Nf6 4. 0-0 Nxe4 5. d4 Nd6 6. Bxc6 dxc6 7. dxe5 Nf5 8. Qxd8+ Kxd8 9. Nc3 Ke8 10. h3 h6 11. Ne2 Be7 12. g4 Nh4 13. Nxh4 Bxh4 14. Bf4 Be7 15. Kg2 Bd7 16. Rad1 Rd8 17. f3 h5 18. Ng3 hxg4 19. hxg4 Be6 20. Nh5 Kf8 21. Rxd8+ Bxd8 22. Rd1 Be7 23. Be3 b6 24. Nf4 Bc8 25. Nh3 Ke8 26. Bg5 Be6 27. Bxe7 Kxe7 28. Kg3 a5 29. a3 f6 30. Nf4 Bf7 31. exf6+ gxf6 32. Re1+ Kd6 33. Nh5 Rh6 34. Ng7 Rh7 35. Nf5+ Kd7 36. Re7+ Kd8 37. f4 Bg6 38. Rxh7 Bxh7 39. Ne3 Be4 40. f5 Ke7 41. Kf4 Bh1 42. g5 fxg5+ 43. Kxg5 Kf7 44. Kf4 a4 45. Ke5 b5 46. c3 Bf3 47. Nc2 Bh1 48. Nd4 Ke7 49. Ne6 Bd5 50. Nxc7 Ba2 51. Ne6 Bd5 52. Nd4 Bh1 53. f6+ Kf8 54. Ne6+ Ke8 55. Kf5 Bd5 1-0

[Event "Pavlodar op"]
[Site "Pavlodar"]
[Date "2016.11.25"]
[Round "6"]
[White "Kostenko, Petr"]
[Black "Makhnyov, Denis"]
[Result "1/2-1/2"]
[WhiteElo "2465"]
[BlackElo "2366"]
[PlyCount "60"]
[EventDate "2016.11.21"]
[EventType "swiss"]
[EventRounds "10"]
[EventCountry "KAZ"]
[SourceTitle "EXT 2018"]
[Source "ChessBase"]
[SourceDate "2017.10.13"]
[SourceVersion "1"]
[SourceVersionDate "2017.10.13"]
[SourceQuality "1"]

1. e4 e5 2. Nf3 Nc6 3. Bb5 Nf6 4. Nc3 Bb4 5. 0-0 0-0 6. d3 d6 7. Bxc6 bxc6 8. Ne2 Bg4 9. Ng3 Nh5 10. h3 Nxg3 11. fxg3 Bd7 12. g4 Qe7 13. Qe2 a5 14. Kh1 a4 15. Bd2 Rfb8 16. Bxb4 Rxb4 17. b3 c5 18. Rfb1 Rb6 19. Qe1 Be6 20. b4 cxb4 21. Rxb4 Rxb4 22. Qxb4 c5 23. Qb6 Qd8 24. Qc6 Rc8 25. Qxa4 Ra8 26. Qc6 Rc8 27. Qa6 Ra8 28. Qc6 Rc8 29. Qa6 Ra8 30. Qc6 Rc8 1/2-1/2

[Event "Wch U16"]
[Site "Khanty-Mansiysk"]
[Date "2016.10.02"]
[Round "10"]
[White "Zhu, Yi"]
[Black "Makhnyov, Denis"]
[Result "0-1"]
[WhiteElo "2296"]
[BlackElo "2375"]
[PlyCount "104"]
[EventDate "2016.09.22"]
[EventType "swiss"]
[EventRounds "11"]
[EventCountry "RUS"]
[SourceTitle "EXT 2017"]
[Source "ChessBase"]
[SourceDate "2016.10.25"]
[SourceVersion "1"]
[SourceVersionDate "2016.10.25"]
[SourceQuality "1"]

1. d4 d5 2. c4 dxc4 3. e4 Nc6 4. Nf3 Bg4 5. Bxc4 e6 6. Be3 Nf6 7. Nc3 Bb4 8. Qd3 0-0 9. Nd2 e5 10. d5 Ne7 11. f3 Bd7 12. a3 Bd6 13. Nb5 Bxb5 14. Bxb5 a6 15. Ba4 b5 16. Bc2 c5 17. dxc6 Nxc6 18. Nb3 Qe7 19. 0-0 Rfd8 20. Qe2 Nd4 21. Nxd4 exd4 22. Bf2 Nd5 23. Rfd1 Bc5 24. Bb3 Ne3 25. Rd3 Rac8 26. Kh1 Bb6 27. g3 g6 28. Re1 Kg7 29. g4 Qg5 30. Rg1 h5 31. h4 Qe5 32. Bg3 Qc5 33. g5 Qe7 34. Bf4 Nc4 35. Qh2 Bc7 36. Bxc7 Rxc7 37. Qf2 Rcd7 38. Rgd1 Ne3 39. Bd5 Qc5 40. b4 Qb6 41. Re1 Nxd5 42. exd5 Rxd5 43. Re4 Rc8 44. Kg2 Rc4 45. Qd2 Qc6 46. Kg3 Rc2 47. Qd1 Qc7+ 48. f4 Rc3 49. Kf2 Qc4 50. Rd2 Rxa3 51. Rexd4 Rxd4 52. Rxd4 Qc3 0-1

[Event "Avicenna op 13th"]
[Site "Hamedan"]
[Date "2016.08.26"]
[Round "4"]
[White "Makhnyov, Denis"]
[Black "Gabuzyan, Hovhannes"]
[Result "1/2-1/2"]
[WhiteElo "2375"]
[BlackElo "2590"]
[PlyCount "82"]
[EventDate "2016.08.24"]
[EventType "swiss"]
[EventRounds "9"]
[EventCountry "IRI"]
[SourceTitle "CBM 174 Extra"]
[Source "ChessBase"]
[SourceDate "2016.10.10"]
[SourceVersion "1"]
[SourceVersionDate "2016.10.10"]
[SourceQuality "1"]

1. d4 Nf6 2. c4 g6 3. Nc3 d5 4. Nf3 Bg7 5. Qb3 dxc4 6. Qxc4 0-0 7. e4 a6 8. Be2 b5 9. Qb3 c5 10. dxc5 Nc6 11. Be3 Be6 12. Qc2 Rc8 13. 0-0 Ng4 14. Bf4 Nb4 15. Qb1 Rxc5 16. h3 Ne5 17. Rd1 Nxf3+ 18. Bxf3 Qc8 19. a3 Nc6 20. Be3 Re5 21. Nd5 Bxd5 22. exd5 Rxe3 23. fxe3 Ne5 24. Be2 Qc5 25. Qc1 Qb6 26. Kh1 a5 27. Qd2 Rd8 28. Qd4 Nc4 29. Qxb6 Nxb6 30. Bxb5 Bxb2 31. Ra2 Be5 32. e4 Rc8 33. Bc6 Nc4 34. Rb1 h5 35. Rb3 h4 36. Rc2 Nd6 37. Re2 Kg7 38. a4 Kf6 39. Rf3+ Kg5 40. Rb3 Kf6 41. Rf3+ Kg5 1/2-1/2

[Event "Avicenna op 13th"]
[Site "Hamedan"]
[Date "2016.08.25"]
[Round "3"]
[White "Sivuk, Vitaly"]
[Black "Makhnyov, Denis"]
[Result "1/2-1/2"]
[WhiteElo "2522"]
[BlackElo "2375"]
[PlyCount "77"]
[EventDate "2016.08.24"]
[EventType "swiss"]
[EventRounds "9"]
[EventCountry "IRI"]
[SourceTitle "CBM 174 Extra"]
[Source "ChessBase"]
[SourceDate "2016.10.10"]
[SourceVersion "1"]
[SourceVersionDate "2016.10.10"]
[SourceQuality "1"]

1. e4 e5 2. Nf3 Nc6 3. Bc4 Bc5 4. 0-0 Nf6 5. d3 d6 6. c3 0-0 7. a4 a6 8. Re1 Ba7 9. Na3 h6 10. Nc2 Ne7 11. Be3 Ng6 12. Bxa7 Rxa7 13. a5 c6 14. Bb3 Re8 15. Ne3 Qc7 16. Nc4 Ra8 17. d4 Bg4 18. h3 Be6 19. Nb6 Rad8 20. Bc2 Bc8 21. Qd2 d5 22. exd5 e4 23. d6 Rxd6 24. Nh2 Rdd8 25. Nf1 Nh4 26. Nxc8 Qxc8 27. Qf4 Ng6 28. Qe3 Re7 29. c4 Nh4 30. Ng3 Nf5 31. Nxf5 Qxf5 32. b4 Qe6 33. Qc3 Qd6 34. Rad1 Rde8 35. Re3 h5 36. Bb3 Rd8 37. g3 Rde8 38. Kg2 Rd8 39. Ba2 1/2-1/2